| 000 | 00791nam a2200253Ia 4500 | ||
|---|---|---|---|
| 003 | OSt | ||
| 005 | 20220925184647.0 | ||
| 006 | a|||||r|||| 00| 0 | ||
| 007 | ta | ||
| 008 | 220923b |||||||| |||| 00| 0 eng d | ||
| 020 | _a0791447774 | ||
| 037 | _cGeneral Book | ||
| 040 |
_aRTL _cRTL _beng |
||
| 041 |
_2eng _aeng |
||
| 082 | _aY:3(Q), P1 | ||
| 100 | _aNeville Robert Cummings Ed. | ||
| 245 | 0 |
_aReligious truth _b A volume in the comparative religious project |
|
| 260 |
_aAlbany _bState University of New York Press _c2001 |
||
| 300 |
_axxiv,339p _ccm. |
||
| 490 | _aComparative Religious Ideas Project | ||
| 500 | _aBibliography: P 237-322; Appendix: P 227-322 | ||
| 942 |
_hY:3(Q), P1 _cGB _2CC |
||
| 999 |
_c508458 _d508458 |
||